Norwegen - Geschichte Quiz - Statistiken

Allgemein
  • Dieses Quiz wurde 29 mal gespielt
  • Das Durchschnittsergebnis liegt bei 6 aus 15
Antwortstatistiken
Hinweis Antwort % Korrekt
Berühmtes Gemälde von Edvard Munch Der Schrei
96%
Ureinwohner Norwegen, bekannt für ihre Domestizierung des Rentiers Samen
85%
Erste Person, die den Südpol erreichte Roald Amundsen
74%
Name von Oslo bis 1924 Christiania
52%
Neo-Nazi, dessen Anschläge 2011 als schwerste Katastrophe in der norwegischen Nachkriegsgeschichte gelten Anders Breivik
44%
Aus dieser Stadt brachte König Sigurd I. 1110 einen Splitter des Heiligen Kreuzes Jerusalem
41%
Gründer der ersten Wikinger-Siedlungen in Grönland Erik der Rote
37%
Über 50 Jahre lang regierender König während beider Weltkriege Haakon VII.
22%
Name der Handelskontoren der Hanse in Bergen Bryggen
19%
Nazi-Kollaborateur im Zweiten Weltkrieg, dessen Name bis heute als Inbegriff von Verrat gilt Vidkun Quisling
19%
Arktisforscher, Diplomat und Friedensnobelpreisträger, nach dem ein Pass für Staatenlose benannt wurde Fridtjof Nansen
15%
Dreimalige Olympiasiegerin im Eiskunstlauf Sonja Henie
15%
Deckname für den deutschen Überfall auf Norwegen 1940 Unternehmen Weserübung
15%
Skandinavischer Fürstentitel während der Wikingerzeit Jarl
11%
1962 eröffneter ältester norwegischer Nationalpark Rondane-Nationalpark
11%
Keine übereinstimmenden Quizze gefunden
Verteilung der Resultate
Anzahl Personen mit jedem Resultat
Perzentil nach korrekt beantworteten Fragen
Ihre Resultats-Entwicklung
Sie haben dieses Quiz noch nicht gespielt